| 000 | 00000nam##2200000za#4500 |
| 001 | 9.601569 |
| 003 | CaOODSP |
| 005 | 20230511091646 |
| 007 | cr ||||||||||| |
| 008 | 150406|2010||||xxc|||||o f|0| 0 fre|d |
| 040 | |aCaOODSP|bfre |
| 043 | |an-cn--- |
| 086 | 1 |aYC26-0/403-8F-PDF |
| 110 | 1 |aCanada. |bParlement. |bSénat. |bComité sénatorial permanent de l'énergie, de l'environnement et des ressources naturelles. |
| 245 | 10|aLes faits ne justifient pas l'interdiction des opérations actuelles de forage en mer : |h[ressource électronique]|bétude sénatoriale au lendemain de l'incident de la plate-forme deepwater horizon de BP / |cL'honorable W. David Angus, président; L'honorable Grant Mitchell, vice-président. |
| 246 | 3 |aHuitième rapport du Comité sénatorial permanent de l’énergie, de l’environnement et des ressources naturelles |
| 260 | |aOttawa - Ontario : |bSénat. |cAoût 2010. |
| 300 | |a80p.|bcartes en couleur, figures (certaines en couleur), références, tableaux |
| 490 | 1 |aRapport du Comité sénatorial permanent de l'énergie, de l'environnement et des ressources naturelles|v[40e législature, 3e session], 8e rapport |
| 590 | |a11-12-Supp|b2011-07-29 |
| 775 | 08|tFacts do not justify banning Canada's current offshore drilling operations : |w(CaOODSP)9.570928 |
| 830 | #0|aRapport du Comité sénatorial permanent de l'énergie, de l'environnement et des ressources naturelles ;|v[40e législature, 3e session], 8e rapport|w(CaOODSP)9.502804 |
| 856 | 40|ahttp://publications.gc.ca|qPDF|s1.10 Mo|uhttps://publications.gc.ca/collections/collection_2011/sen/yc26-0/YC26-0-403-8-fra.pdf|y[40e législature, 3e session], 8e rapport |